[Event "ICS rated blitz match"]
[Site "204.178.125.65"]
[Date "2001.01.21"]
[Round "?"]
[White "Hossa"]
[Black "mambrino"]
[Result "1-0"]
[WhiteElo "2589"]
[BlackElo "1966"]
[PlyCount "31"]
[EventDate "2001.??.??"]

1. e4 Nf6 2. e5 Nd5 3. d4 d6 4. Nf3 dxe5 5. Nxe5 Nd7 6. Bc4 Nxe5 7. dxe5 c6 8.
O-O e6 9. Qg4 h5 10. Qe2 Be7 11. Rd1 Qb6 12. Bb3 Bd7 13. c4 Nb4 14. Qf3 g5 15.
Nc3 g4 16. Qf4 {mambrino resigns} 1-0

[Event "ICS rated blitz match"]
[Site "204.178.125.65"]
[Date "2001.01.21"]
[Round "?"]
[White "Hossa"]
[Black "ChesterX"]
[Result "1-0"]
[WhiteElo "2590"]
[BlackElo "2545"]
[PlyCount "167"]
[EventDate "2001.??.??"]

1. e4 c5 2. c3 Nf6 3. e5 Nd5 4. d4 cxd4 5. Nf3 Nc6 6. Bc4 Nb6 7. Bb3 d5 8. cxd4
Bg4 9. Nc3 Bxf3 10. gxf3 e6 11. O-O Bb4 12. Na4 O-O 13. Nxb6 Qxb6 14. Be3 Na5
15. Bc2 Nc4 16. Qd3 g6 17. Qe2 Rfc8 18. Bd3 Rc6 19. Rfc1 Rac8 20. f4 Kh8 21.
Rc2 Nxe3 22. Rxc6 Qxc6 23. fxe3 Bf8 24. h4 a6 25. h5 Be7 26. hxg6 fxg6 27. Qh2
Kg8 28. Qh3 Bb4 29. Rd1 Rc7 30. Qh6 Bf8 31. Qh4 Qa4 32. Ra1 Qb4 33. Qh2 Bg7 34.
Rd1 Qa4 35. b3 Qa3 36. Qd2 Bf8 37. Bf1 b5 38. Bh3 Kf7 39. Bg4 Bg7 40. Rf1 h5
41. Bh3 h4 42. Qg2 Qe7 43. Kh1 Rc3 44. Rg1 g5 45. fxg5 Ke8 46. Qg4 Rxe3 47.
Qxe6 Qxe6 48. Bxe6 Ke7 49. Bxd5 Rd3 50. Rg4 Bxe5 51. dxe5 Rxd5 52. g6 Kf8 53.
Re4 Rd8 54. Rxh4 Kg7 55. Rg4 Re8 56. Rg5 Kh6 57. Rg2 Kg7 58. Kg1 Rxe5 59. Kf2
Re6 60. Kf3 Rxg6 61. Rxg6+ Kxg6 62. Ke4 Kf6 63. Kd5 Ke7 64. Kc5 Kd7 65. Kb6 b4
66. Kxa6 Kc6 67. Ka5 Kc5 68. Ka4 Kd5 69. Kxb4 Kd4 70. a4 Kd5 71. Kb5 Ke5 72. b4
Ke4 73. Kc5 Ke5 74. a5 Ke4 75. b5 Ke5 76. a6 Ke6 77. a7 Ke5 78. b6 Ke6 79. b7
Ke5 80. b8=Q+ Ke4 81. Qf8 Kd3 82. a8=Q Kc2 83. Qa2+ Kd1 84. Qf1# {
ChesterX checkmated} 1-0

[Event "ICS rated blitz match"]
[Site "204.178.125.65"]
[Date "2001.01.21"]
[Round "?"]
[White "ChesterX"]
[Black "Hossa"]
[Result "0-1"]
[WhiteElo "2531"]
[BlackElo "2604"]
[PlyCount "153"]
[EventDate "2001.??.??"]

1. Nf3 d5 2. c4 e6 3. g3 c6 4. Bg2 dxc4 5. a4 Nf6 6. O-O Na6 7. Qc2 Bd6 8. Na3
Bxa3 9. bxa3 Nc5 10. Qxc4 Qd5 11. Qf4 Nb3 12. Rb1 Nxc1 13. Rfxc1 O-O 14. Ne5
Qa5 15. Rb4 Nd5 16. Bxd5 exd5 17. d4 Qd8 18. e3 f6 19. Nd3 Rf7 20. Qf3 g6 21.
g4 Rf8 22. h4 Kh8 23. Qf4 Re8 24. g5 Bf5 25. Nc5 b6 26. Nb7 Qd7 27. Nd6 fxg5
28. hxg5 Rf8 29. a5 Rad8 30. Nxf5 Rxf5 31. Qg3 Qe7 32. f4 c5 33. Rb5 cxd4 34.
exd4 Qe4 35. Re1 Qxd4+ 36. Qe3 Rxf4 37. Qxd4+ Rxd4 38. axb6 axb6 39. Re5 Rd6
40. Kf2 h5 41. gxh6 Kh7 42. Ke3 Ra4 43. Rbxd5 Rxa3+ 44. Ke2 Rxd5 45. Rxd5 Kxh6
46. Rb5 Ra6 47. Kf3 Kg7 48. Rb2 Kf6 49. Kf4 Ke6 50. Rb1 Kd7 51. Kf3 Kc6 52. Rg1
Kc5 53. Rc1+ Kd5 54. Rd1+ Ke5 55. Rb1 Kd4 56. Kg4 Kc5 57. Rc1+ Kd5 58. Rd1+ Ke5
59. Re1+ Kd6 60. Rd1+ Kc6 61. Rc1+ Kb7 62. Rb1 Ra5 63. Re1 Rf5 64. Re6 Ka6 65.
Rc6 Ka5 66. Rc1 b5 67. Ra1+ Kb4 68. Rc1 Kb3 69. Rc8 b4 70. Rc7 Kb2 71. Rc6 b3
72. Ra6 Rb5 73. Kf3 Kc3 74. Rc6+ Kb4 75. Rc1 b2 76. Rb1 Kb3 77. Re1 {
ChesterX resigns} 0-1

[Event "ICS rated blitz match"]
[Site "204.178.125.65"]
[Date "2001.01.21"]
[Round "?"]
[White "Hossa"]
[Black "DrDeath"]
[Result "1-0"]
[WhiteElo "2617"]
[BlackElo "1983"]
[PlyCount "33"]
[EventDate "2001.??.??"]

1. e4 c5 2. c3 e6 3. d4 Qc7 4. Bg5 b6 5. Bb5 a6 6. Ba4 b5 7. Bc2 d6 8. Nf3 Bb7
9. O-O Nd7 10. Qe2 h6 11. Bf4 Ngf6 12. a4 Be7 13. axb5 axb5 14. Rxa8+ Bxa8 15.
Na3 Bc6 16. dxc5 dxc5 17. Bxc7 {DrDeath resigns} 1-0

[Event "ICS rated blitz match"]
[Site "204.178.125.65"]
[Date "2001.01.21"]
[Round "?"]
[White "parnenzinij"]
[Black "Hossa"]
[Result "0-1"]
[WhiteElo "2151"]
[BlackElo "2618"]
[PlyCount "70"]
[EventDate "2001.??.??"]

1. e4 c5 2. Nc3 Nc6 3. g3 g6 4. Bg2 Bg7 5. d3 d6 6. Be3 e6 7. Qd2 Nf6 8. Nge2
Ng4 9. O-O O-O 10. Bg5 f6 11. Bf4 e5 12. Be3 Nxe3 13. Qxe3 f5 14. Nd5 fxe4 15.
dxe4 Be6 16. c4 Nd4 17. Qd3 Bxd5 18. cxd5 Qb6 19. b3 Qc7 20. Nxd4 cxd4 21. Rfc1
Qf7 22. Rc2 Rac8 23. f3 Bh6 24. a3 Rxc2 25. Qxc2 Bg5 26. Ra2 Be3+ 27. Kf1 Qg7
28. Qd3 g5 29. h3 g4 30. hxg4 Qxg4 31. Rc2 Rxf3+ 32. Bxf3 Qxf3+ 33. Ke1 Bf2+
34. Kd2 Be1+ 35. Kc1 Qxd3 {parnenzinij resigns} 0-1

[Event "ICS rated blitz match"]
[Site "204.178.125.65"]
[Date "2001.01.21"]
[Round "?"]
[White "Hossa"]
[Black "PostModernist"]
[Result "0-1"]
[WhiteElo "2621"]
[BlackElo "2551"]
[PlyCount "164"]
[EventDate "2001.??.??"]

1. e4 e6 2. d3 c5 3. Nf3 Nc6 4. Be2 d5 5. Bf4 Be7 6. O-O dxe4 7. dxe4 Nf6 8.
Qxd8+ Bxd8 9. Nbd2 O-O 10. Bb5 Bd7 11. Rad1 Be7 12. Nb3 Rfd8 13. Bc7 Rdc8 14.
Bd6 Bxd6 15. Rxd6 Be8 16. Rdd1 Nxe4 17. Bd3 f5 18. Rfe1 Bg6 19. Bc4 Bf7 20. Rd7
b6 21. Ba6 Rd8 22. Rc7 Nb4 23. Bb7 Nd5 24. Bxa8 Nxc7 25. Bxe4 fxe4 26. Ne5 Nd5
27. Rd1 Rf8 28. c4 Nf6 29. h3 h6 30. Nd2 Rd8 31. b3 Rd6 32. Kf1 Nd7 33. Nxd7
Rxd7 34. Ke2 Bh5+ 35. g4 Bg6 36. Nf1 Rd4 37. Ng3 Kf7 38. h4 Kf6 39. h5 Bh7 40.
Nf1 e5 41. Ne3 Rxd1 42. Nxd1 Bg8 43. Nc3 Kg5 44. Ke3 Bh7 45. Nb5 Kxg4 46. Nxa7
Bf5 47. Nc6 Kxh5 48. Nxe5 Kg5 49. Nf7+ Kf6 50. Nd6 Ke5 51. Nf7+ Ke6 52. Nd8+
Kd6 53. a4 Bg4 54. Kxe4 Kd7 55. Nf7 Bd1 56. Kd5 Bxb3 57. Ne5+ Kc7 58. a5 bxa5
59. Nd3 a4 60. Kxc5 h5 61. Kb4 h4 62. Nf4 Kd7 63. Nh3 Ke7 64. Ng1 Bd1 65. c5
Kd7 66. Ka3 Kc6 67. Kb4 Bg4 68. Kxa4 Kxc5 69. Kb3 Kd4 70. f3 Bf5 71. Ne2+ Ke3
72. Nc3 h3 73. f4 h2 74. Nd5+ Kf3 75. Kc3 h1=Q 76. Kc4 Qc1+ 77. Kb5 Bd7+ 78.
Kb4 Qxf4+ 79. Kc5 Qc4+ 80. Kb6 Qc6+ 81. Ka7 Bc8 82. Nb4 Qb7# {Hossa checkmated}
0-1

[Event "ICS rated blitz match"]
[Site "204.178.125.65"]
[Date "2001.01.21"]
[Round "?"]
[White "PostModernist"]
[Black "Hossa"]
[Result "1-0"]
[WhiteElo "2570"]
[BlackElo "2602"]
[PlyCount "149"]
[EventDate "2001.??.??"]

1. d4 e6 2. c4 Nf6 3. Nf3 c5 4. e3 cxd4 5. exd4 d5 6. Nc3 Nc6 7. a3 Be7 8. Bd3
dxc4 9. Bxc4 Na5 10. Bb5+ Bd7 11. Bxd7+ Nxd7 12. O-O O-O 13. d5 Bf6 14. Ne4 Nc4
15. Nfg5 exd5 16. Qxd5 Qc8 17. Rd1 Bxg5 18. Bxg5 Ndb6 19. Qd4 Qf5 20. b3 Rfe8
21. f3 Na5 22. b4 Nc6 23. Qc5 Re5 24. Qc1 Nd5 25. Bh4 Nf4 26. Qc4 Rd5 27. Nd6
Qe5 28. Nxb7 Rd4 29. Rxd4 Nxd4 30. Re1 Nde2+ 31. Kf1 Re8 32. Nc5 a5 33. bxa5
Qc7 34. Bg5 Rb8 35. a6 Rc8 36. Qa4 Qxc5 37. Bxf4 Qd4 38. Qxd4 Nxd4 39. a7 Nc6
40. Bb8 Nxa7 41. Bxa7 h5 42. a4 Rc2 43. a5 Ra2 44. Bb6 Kh7 45. Re5 Ra1+ 46. Kf2
Kg6 47. h4 Ra4 48. Rg5+ Kh6 49. Be3 Ra2+ 50. Kg3 f6 51. Rd5+ Kg6 52. f4 Ra3 53.
Kf2 Ra4 54. Kf3 Ra3 55. Ke4 Ra4+ 56. Bd4 Ra2 57. Rb5 Rxg2 58. a6 f5+ 59. Rxf5
Re2+ 60. Be3 Ra2 61. a7 Ra4+ 62. Bd4 Rxd4+ 63. Kxd4 Kxf5 64. a8=Q Ke6 65. f5+
Kxf5 66. Qc6 Kf4 67. Qg6 Kf3 68. Qxh5+ Kf4 69. Qg5+ Kf3 70. Qxg7 Kf4 71. Qf6+
Kg4 72. Ke3 Kg3 73. Qg7+ Kh3 74. Kf3 Kxh4 75. Qh6# {Hossa checkmated} 1-0

[Event "ICS rated blitz match"]
[Site "204.178.125.65"]
[Date "2001.01.21"]
[Round "?"]
[White "Hossa"]
[Black "PostModernist"]
[Result "1-0"]
[WhiteElo "2585"]
[BlackElo "2587"]
[PlyCount "197"]
[EventDate "2001.??.??"]

1. c4 e5 2. Nc3 Nc6 3. g3 d6 4. Bg2 Be6 5. d3 Qd7 6. Be3 Nge7 7. Nf3 Nf5 8. Bd2
Be7 9. Ng5 Bxg5 10. Bxg5 f6 11. Bd2 Nfe7 12. Nd5 Bxd5 13. cxd5 Nd4 14. e3 Ndf5
15. O-O O-O 16. Rc1 Rfc8 17. Bh3 Qb5 18. e4 Qxb2 19. Bc3 Qa3 20. Qc2 Nh6 21.
Bxc8 Rxc8 22. Rb1 Qa6 23. Bd2 Nf7 24. Qc4 Qxc4 25. dxc4 b6 26. f3 c6 27. Rbc1
f5 28. h4 h5 29. Rf2 Kf8 30. Kg2 Ke8 31. Be3 Kd7 32. Kh3 Rf8 33. Rc3 Rc8 34.
Rfc2 Ke8 35. Kh2 fxe4 36. fxe4 Ng8 37. Kg2 Nf6 38. Kf3 Ng4 39. Rc1 c5 40. Ke2
Kd7 41. Ra3 Rc7 42. Rf1 Kc8 43. Rb3 Kd8 44. Kd3 Ke7 45. a4 Nh2 46. Rh1 Ng4 47.
Rb2 Kf8 48. Rf1 Kg8 49. Re2 Rc8 50. Ree1 Rf8 51. Rb1 Nh2 52. Rf5 Ng4 53. Rb3 g6
54. Rf1 Kg7 55. Rb2 Kg8 56. Rc2 Re8 57. Ra2 Rb8 58. Bd2 Kg7 59. Bc1 Kg8 60. Rb2
Rf8 61. a5 bxa5 62. Rb7 a6 63. Ra7 a4 64. Rxa6 Nh2 65. Rf2 Ng4 66. Rf3 Nh2 67.
Rf6 Kg7 68. Rf2 Ng4 69. Rb2 Kg8 70. Rxa4 Nh8 71. Rb7 Nf2+ 72. Ke3 Ng4+ 73. Ke2
Rf2+ 74. Ke1 Nf7 75. Ra8+ Kg7 76. Raa7 Kg8 77. Rd7 Rf6 78. Re7 Nh2 79. Ke2 Nf3
80. Be3 Nd4+ 81. Bxd4 cxd4 82. Red7 Kf8 83. Ra8+ Kg7 84. Rb8 Kh6 85. Rbb7 Kg7
86. Rb6 d3+ 87. Kxd3 Rf1 88. Ke2 Ra1 89. Rbb7 Ra2+ 90. Kf3 Ra3+ 91. Kg2 Ra2+
92. Kh3 Rf2 93. Rxd6 Rf1 94. Rdd7 Kg8 95. c5 Rh1+ 96. Kg2 Rc1 97. c6 Rc2+ 98.
Kh3 g5 99. hxg5 {PostModernist resigns} 1-0

[Event "ICS rated blitz match"]
[Site "204.178.125.65"]
[Date "2001.01.21"]
[Round "?"]
[White "Kurios"]
[Black "Hossa"]
[Result "1-0"]
[WhiteElo "2729"]
[BlackElo "2624"]
[PlyCount "83"]
[EventDate "2001.??.??"]

1. d4 d5 2. c4 c6 3. Nf3 Nf6 4. Nc3 dxc4 5. a4 Bf5 6. e3 Nbd7 7. Bxc4 e6 8. O-O
Be7 9. Qe2 Nb6 10. Bb3 Nbd5 11. Ne5 O-O 12. g4 Nxc3 13. bxc3 Qb6 14. Bc4 Bg6
15. e4 Qa5 16. Rb1 Bxe4 17. Rxb7 Bd6 18. g5 c5 19. Rb3 cxd4 20. cxd4 Bxe5 21.
dxe5 Nd7 22. Qxe4 Nc5 23. Qe3 Nxb3 24. Bxb3 Qb4 25. Bd1 Qc4 26. a5 Rad8 27. Be2
Qa4 28. Ba3 Rfe8 29. a6 Rd7 30. Bc5 Ra8 31. Rb1 Qa2 32. Rb7 Rd2 33. Qf4 Kh8 34.
Rxf7 Rg8 35. Bf8 Qa1+ 36. Kg2 Rd8 37. g6 Qg1+ 38. Kxg1 Rc8 39. Bxg7+ Rxg7 40.
Rf8+ Rxf8 41. Qxf8+ Rg8 42. g7# {Hossa checkmated} 1-0

[Event "ICS rated standard match"]
[Site "204.178.125.65"]
[Date "2001.01.21"]
[Round "?"]
[White "Hossa"]
[Black "drewmister"]
[Result "1-0"]
[WhiteElo "2320"]
[BlackElo "1932"]
[PlyCount "126"]
[EventDate "2001.??.??"]

1. d4 Nf6 2. c4 g6 3. Nc3 d5 4. cxd5 Nxd5 5. e4 Nxc3 6. bxc3 c5 7. Nf3 Bg7 8.
Rb1 O-O 9. Be2 cxd4 10. cxd4 Qa5+ 11. Qd2 Qxd2+ 12. Bxd2 Rd8 13. d5 e6 14. Bc4
exd5 15. Bxd5 Nc6 16. O-O Rd7 17. Rfd1 Ne7 18. Bc4 Nc6 19. h3 b6 20. Bf4 Rxd1+
21. Rxd1 Be6 22. Bxe6 fxe6 23. Rd6 e5 24. Bh6 Bxh6 25. Rxc6 Rd8 26. g3 Bg7 27.
Kg2 Rf8 28. Rd6 Rc8 29. Rd7 a6 30. Ra7 a5 31. Rb7 h6 32. Rxb6 Rc4 33. Nh4 Rxe4
34. Rxg6 Kf7 35. Ra6 Ra4 36. Nf5 Bf8 37. Nxh6+ Bxh6 38. Rxh6 Rxa2 39. Kf3 Ra3+
40. Kg4 e4 41. Ra6 Ra2 42. Kf5 Rxf2+ 43. Kxe4 Rg2 44. Kf4 Rf2+ 45. Kg5 Rf3 46.
Ra7+ Ke6 47. g4 Rxh3 48. Rxa5 Rg3 49. Rf5 Rg2 50. Rf1 Ke7 51. Kh5 Rh2+ 52. Kg6
Rg2 53. g5 Rg4 54. Kh6 Rh4+ 55. Kg7 Rg4 56. Re1+ Kd6 57. g6 Rg5 58. Kf6 Rg3 59.
Rf1 Kd7 60. g7 Rg2 61. Rf5 Rg3 62. Rg5 Rf3+ 63. Kg6 Ra3 {drewmister resigns}
1-0

[Event "ICS rated standard match"]
[Site "204.178.125.65"]
[Date "2001.01.21"]
[Round "?"]
[White "drewmister"]
[Black "Hossa"]
[Result "0-1"]
[WhiteElo "1929"]
[BlackElo "2323"]
[PlyCount "84"]
[EventDate "2001.??.??"]

1. e4 e6 2. d4 b6 3. Bd3 c5 4. Nf3 cxd4 5. Nxd4 Nc6 6. Nxc6 dxc6 7. O-O Bd6 8.
Nc3 Nf6 9. Bg5 O-O 10. Qf3 e5 11. Be2 Qe7 12. Rad1 Rd8 13. Rd2 Be6 14. Rfd1 Bc7
15. Ba6 Rxd2 16. Rxd2 Rd8 17. Rxd8+ Bxd8 18. Qg3 Qd6 19. Be2 Qd4 20. Be3 Qb4
21. Bh6 Ne8 22. Bc1 Bf6 23. a3 Qe7 24. b3 Nc7 25. Bb2 Qc5 26. Qd3 Bh4 27. Nd1
Nb5 28. Ne3 Nxa3 29. c4 Be7 30. Ng4 f6 31. Qh3 Kh8 32. Qd3 Qb4 33. Ne3 Qe1+ 34.
Bf1 Nb1 35. b4 a5 36. bxa5 bxa5 37. Qe2 Qxe2 38. Bxe2 Nd2 39. Bc3 Bb4 40. Bxb4
axb4 41. f3 b3 42. Nd1 Nxc4 {drewmister resigns} 0-1

[Event "ICS rated blitz match"]
[Site "204.178.125.65"]
[Date "2001.01.21"]
[Round "?"]
[White "Hossa"]
[Black "PostModernist"]
[Result "0-1"]
[WhiteElo "2627"]
[BlackElo "2556"]
[PlyCount "180"]
[EventDate "2001.??.??"]

1. d4 d5 2. c4 c6 3. Nf3 dxc4 4. e3 Be6 5. Ne5 b5 6. a4 f6 7. Nf3 g5 8. axb5
cxb5 9. b3 Qc8 10. d5 Bd7 11. bxc4 bxc4 12. Nfd2 c3 13. Nc4 c2 14. Qxc2 e6 15.
d6 Bg7 16. Bd3 Nc6 17. Be2 f5 18. Bh5+ Kf8 19. Bb2 Nf6 20. Be2 Kf7 21. Bf3 Kg8
22. O-O g4 23. Be2 h5 24. Bc3 Rh6 25. Qa4 Ne5 26. Qb3 Nxc4 27. Bxc4 Rb8 28. Qa2
a5 29. Rd1 a4 30. Na3 Ne4 31. Bxg7 Kxg7 32. Rab1 Kh7 33. Rd3 Rxb1+ 34. Qxb1 h4
35. Rd4 h3 36. gxh3 gxh3 37. Kf1 Qg8 38. Rxe4 Qg2+ 39. Ke2 fxe4 40. Qb7 Qg4+
41. Ke1 e5 42. Be2 Qg1+ 43. Bf1 Rxd6 44. Qxe4+ Kg7 45. Qxe5+ Rf6 46. f3 Kg6 47.
Qe4+ Bf5 48. Qe8+ Kg7 49. Qe7+ Rf7 50. Qe5+ Kh7 51. Qf4 Kg8 52. Qb8+ Rf8 53.
Qe5 Bg6 54. Qe6+ Kg7 55. f4 Re8 56. Qd7+ Bf7 57. Nc2 Rb8 58. Qd4+ Kg8 59. Na3
Qxh2 60. Qe5 Qg3+ 61. Ke2 Rb2+ 62. Nc2 Rxc2+ 63. Kd1 Rc8 64. Qg5+ Qxg5 65. fxg5
h2 66. Bg2 a3 67. g6 Bb3+ 68. Ke2 Rc2+ 69. Kf3 Bd5+ 70. e4 Bxe4+ 71. Kxe4 Rxg2
72. Kd5 a2 73. Kd4 a1=Q+ 74. Kc4 Qc3+ 75. Kxc3 Rxg6 76. Kd4 Rg5 77. Ke4 Kg7 78.
Kf3 Kh6 79. Ke4 Rg2 80. Kf4 Rg5 81. Ke4 Rb5 82. Kf3 Kh5 83. Ke4 Rg5 84. Kf4 Rd5
85. Ke4 Rd7 86. Kf3 Rd8 87. Kg2 Kg4 88. Kh1 Rd1+ 89. Kg2 h1=Q+ 90. Kf2 Qf3# {
Hossa checkmated} 0-1

[Event "ICS rated blitz match"]
[Site "204.178.125.65"]
[Date "2001.01.21"]
[Round "?"]
[White "monsoon"]
[Black "Hossa"]
[Result "1/2-1/2"]
[WhiteElo "2230"]
[BlackElo "2608"]
[PlyCount "117"]
[EventDate "2001.??.??"]

1. d4 d5 2. c4 c6 3. Nf3 dxc4 4. e3 Be6 5. Nc3 b5 6. Ng5 Bc8 7. Qh5 g6 8. Qf3
Nh6 9. Bd2 f6 10. Nge4 Bg4 11. Qg3 Bf5 12. f3 Na6 13. Be2 Bg7 14. O-O e5 15.
dxe5 fxe5 16. Rfd1 O-O 17. Kh1 Nf7 18. a4 b4 19. Na2 Bxe4 20. fxe4 Nd6 21. Qg4
c5 22. Bxb4 Qe7 23. Ba3 Rf2 24. Nc3 Nb4 25. Nb5 Nxb5 26. Bxc4+ Kh8 27. Rd7 Qe8
28. Bxb5 Nc2 29. Qh4 Qf8 30. Rad1 Rf6 31. Qg5 Nxa3 32. bxa3 Qg8 33. R7d5 Rf2
34. Rxc5 Qb3 35. Rcc1 Raf8 36. Qe7 R2f7 37. Qc5 Qb2 38. Rc2 Qb3 39. Rdc1 Rd8
40. Qc4 Qxc4 41. Bxc4 Rf6 42. a5 Bh6 43. Rc3 Rf2 44. Bd5 Bg5 45. Rb3 Re2 46.
Rf1 Bxe3 47. Rb7 g5 48. Bc4 Rc2 49. Be6 Rf2 50. Re1 Re2 51. Reb1 h5 52. Bf7 h4
53. Bg6 Red2 54. Rf1 Rd1 55. Rbf7 Bf4 56. Rg1 Be3 57. Rgf1 Bf4 58. Rg1 Be3 59.
Rgf1 {Game drawn by repetition} 1/2-1/2

[Event "ICS rated blitz match"]
[Site "204.178.125.65"]
[Date "2001.01.21"]
[Round "?"]
[White "Hossa"]
[Black "monsoon"]
[Result "0-1"]
[WhiteElo "2595"]
[BlackElo "2243"]
[PlyCount "192"]
[EventDate "2001.??.??"]

1. Nf3 Nf6 2. c4 e6 3. Nc3 d5 4. d4 Be7 5. Bg5 O-O 6. cxd5 exd5 7. e3 c6 8. Bd3
Ne4 9. Bxe7 Qxe7 10. Bxe4 dxe4 11. Nd2 Qg5 12. Ncxe4 Qxg2 13. Qf3 Qxf3 14. Nxf3
Na6 15. Rg1 Nb4 16. Kd2 f5 17. Nc3 Be6 18. Ne5 c5 19. a3 cxd4 20. exd4 Nc6 21.
Nf3 Rad8 22. Kd3 Bb3 23. Rae1 Kh8 24. Nb5 Bd5 25. Ne5 Be4+ 26. Ke3 Nxe5 27.
dxe5 Rd5 28. a4 Rxe5 29. Kf4 Rc5 30. Nxa7 Rc4 31. Ra1 Rb4 32. Ra3 Bc6+ 33. Ke3
Re8+ 34. Kd3 Bxa4 35. Rc1 b5 36. Rc5 Rxb2 37. Rxf5 Rb4 38. Ra2 Rb1 39. Nc6 Rd1+
40. Rd2 Rde1 41. Rf7 Bb3 42. Rd7 Rc1 43. Na5 Bc4+ 44. Kd4 Bf1 45. f4 Ra1 46.
Nc6 Ra4+ 47. Kc5 Rxf4 48. Re7 Rg8 49. Rc7 Bc4 50. Rg2 Re4 51. Rg1 Re2 52. h3
Rh2 53. Ne7 Rf8 54. Rg3 Rc2 55. Nc6 Bf1+ 56. Kd6 Rf6+ 57. Kd5 g6 58. Rc8+ Kg7
59. Ne7 Bc4+ 60. Kd4 Rf4+ 61. Ke5 Rf7 62. Rg8+ Kh6 63. Re8 b4 64. Kd6 Rf6+ 65.
Ke5 Rff2 66. Rb8 Rfe2+ 67. Kd6 Rcd2+ 68. Kc5 Bf7 69. Rb7 b3 70. Rg1 b2 71. Nf5+
gxf5 72. Rxf7 Rc2+ 73. Kd4 Rc1 74. Rf6+ Kh5 75. Rxf5+ Kh4 76. Rf4+ Kxh3 77.
Rf3+ Kh2 78. Rff1 b1=Q 79. Rh1+ Kg3 80. Rxc1 Qe4+ 81. Kc5 Rc2+ 82. Rxc2 Qxc2+
83. Kd6 Qd2+ 84. Ke6 Qe3+ 85. Kd7 Qd4+ 86. Kc8 Qc5+ 87. Kb8 Qb6+ 88. Kc8 Qc6+
89. Kb8 Qxh1 90. Kc8 Qd5 91. Kb8 Qf7 92. Kc8 Qa7 93. Kd8 Kf4 94. Ke8 Ke5 95.
Kf8 Kf6 96. Kg8 Qg7# {Hossa checkmated} 0-1

[Event "ICS rated blitz match"]
[Site "204.178.125.65"]
[Date "2001.01.21"]
[Round "?"]
[White "PostModernist"]
[Black "Hossa"]
[Result "1-0"]
[WhiteElo "2578"]
[BlackElo "2567"]
[PlyCount "105"]
[EventDate "2001.??.??"]

1. e4 e6 2. d4 b6 3. Nf3 Bb7 4. Nc3 Bb4 5. Bd3 Nf6 6. Qe2 d5 7. exd5 Nxd5 8.
Bd2 c5 9. Nxd5 Bxd2+ 10. Nxd2 Bxd5 11. dxc5 Bxg2 12. Rg1 Bd5 13. cxb6 Qxb6 14.
c4 Bb7 15. Qe5 Nc6 16. Qxg7 O-O-O 17. Rg3 Rhg8 18. Qxg8 Rxg8 19. Rxg8+ Kc7 20.
Rb1 Qa5 21. Rg3 Nd4 22. b4 Qe5+ 23. Kf1 Qf4 24. Rd1 h5 25. h3 e5 26. Be2 h4 27.
Rc3 Bc8 28. Ke1 Bf5 29. Rdc1 Kb8 30. c5 Bg6 31. c6 Kc7 32. Ba6 Bh5 33. a4 Qg5
34. Rc5 f6 35. R1c3 Qg8 36. Bc4 Qg1+ 37. Bf1 Qg6 38. a5 Qg8 39. b5 Qe6 40. b6+
axb6 41. axb6+ Kxb6 42. c7 Qc8 43. Ne4 Nf3+ 44. Kd1 Nd4+ 45. Kd2 Bg4 46. hxg4
Qxg4 47. c8=Q Qxc8 48. Rxc8 h3 49. Nxf6 Ne6 50. Nd7+ Ka5 51. Ra8+ Kb4 52. Nb6
h2 53. Ra4# {Hossa checkmated} 1-0

[Event "ICS rated blitz match"]
[Site "204.178.125.65"]
[Date "2001.01.21"]
[Round "?"]
[White "Hossa"]
[Black "PostModernist"]
[Result "0-1"]
[WhiteElo "2552"]
[BlackElo "2593"]
[PlyCount "106"]
[EventDate "2001.??.??"]

1. e4 c5 2. c3 d5 3. exd5 Qxd5 4. d4 e6 5. Nf3 Nf6 6. Na3 Nc6 7. Nb5 Qd8 8.
dxc5 Bxc5 9. Qxd8+ Kxd8 10. b4 Bb6 11. Bc4 Ne4 12. Be3 Bxe3 13. fxe3 a6 14. Bd3
f5 15. Bxe4 fxe4 16. Ng5 axb5 17. Nf7+ Ke7 18. Nxh8 Bd7 19. Rf1 Ne5 20. Nf7
Nxf7 21. Rf4 Bc6 22. Rh4 h6 23. a3 Ne5 24. Ke2 Nc4 25. Rg4 g5 26. h4 Kf6 27.
hxg5+ hxg5 28. Rg3 Rd8 29. Rf1+ Kg6 30. Rc1 Rd3 31. Kf2 b6 32. Rh3 Rd2+ 33. Kg1
Re2 34. Kf1 Rxe3 35. Rh8 Nxa3 36. Rg8+ Kf5 37. Kf2 Rd3 38. Rc8 e3+ 39. Kf1 Bd5
40. Rf8+ Kg4 41. c4 bxc4 42. Ke2 Nb5 43. Ke1 Rd2 44. Rd1 Rxg2 45. Rxd5 exd5 46.
Kf1 e2+ 47. Kxg2 e1=Q 48. Rf6 Qe4+ 49. Kf1 Kg3 50. Rf2 Qb1+ 51. Ke2 Nc3+ 52.
Kd2 Qb2+ 53. Ke1 Qxf2# {Hossa checkmated} 0-1

[Event "ICS rated standard match"]
[Site "204.178.125.65"]
[Date "2001.01.21"]
[Round "?"]
[White "Hossa"]
[Black "PostModernist"]
[Result "1-0"]
[WhiteElo "2326"]
[BlackElo "2372"]
[PlyCount "79"]
[EventDate "2001.??.??"]

1. e4 e5 2. Nf3 Nc6 3. Bc4 b6 4. O-O Bb7 5. d3 h6 6. Be3 Nf6 7. Nc3 Be7 8. Nd2
O-O 9. f4 exf4 10. Rxf4 Bd6 11. Rf5 Be5 12. Nf3 Bxc3 13. bxc3 Na5 14. Bb5 d5
15. e5 Ng4 16. Bd2 c6 17. Ba4 Re8 18. Qf1 Qd7 19. Rh5 b5 20. Bb3 c5 21. h3 c4
22. hxg4 Qxg4 23. Rh4 Qg6 24. d4 a6 25. Qf2 Nc6 26. Rf1 Re7 27. Bc1 cxb3 28.
cxb3 b4 29. c4 dxc4 30. bxc4 Na5 31. d5 Rc7 32. e6 fxe6 33. Ne5 Qf6 34. Qg3 Qe7
35. Ng6 Qxh4 36. Nxh4 Rac8 37. d6 Rd7 38. Qe5 Kh7 39. Qxe6 Rcd8 40. Qf5+ {
PostModernist resigns} 1-0

[Event "ICS rated standard match"]
[Site "204.178.125.65"]
[Date "2001.01.21"]
[Round "?"]
[White "diep"]
[Black "Hossa"]
[Result "1-0"]
[WhiteElo "2600"]
[BlackElo "2344"]
[PlyCount "71"]
[EventDate "2001.??.??"]

1. d4 d5 2. c4 c6 3. Nc3 e6 4. e3 Nf6 5. Nf3 Nbd7 6. Bd3 Bd6 7. O-O Qc7 8. c5
Be7 9. b4 e5 10. Be2 e4 11. Nd2 b5 12. a4 bxa4 13. b5 Bb7 14. Qxa4 O-O 15. bxc6
Bxc6 16. Qa5 Qb7 17. f3 exf3 18. Bxf3 Nb8 19. Qa2 Rd8 20. Qb3 a6 21. Qxb7 Bxb7
22. Nc4 Bc6 23. Ne5 Ra7 24. Bd2 Ba8 25. Be2 Rc8 26. Be1 Bb7 27. Bh4 Rf8 28.
Rfb1 Ba8 29. Bg3 Rb7 30. Rxb7 Bxb7 31. Rb1 Ba8 32. Nxf7 Kxf7 33. Bxb8 Nd7 34.
Bf4 a5 35. Ra1 Bd8 36. Bb5 {Hossa resigns} 1-0

[Event "ICS rated standard match"]
[Site "204.178.125.65"]
[Date "2001.01.21"]
[Round "?"]
[White "Hossa"]
[Black "diep"]
[Result "0-1"]
[WhiteElo "2338"]
[BlackElo "2606"]
[PlyCount "108"]
[EventDate "2001.??.??"]

1. e4 c5 2. c3 Nf6 3. e5 Nd5 4. d4 cxd4 5. Nf3 Nc6 6. Bc4 Nb6 7. Bb3 d5 8. cxd4
Bg4 9. Nc3 Bxf3 10. gxf3 e6 11. O-O Qh4 12. Nb5 Rd8 13. Be3 a6 14. Nc3 Nc4 15.
Ne2 Be7 16. Bxc4 dxc4 17. Qa4 O-O 18. Qc2 b5 19. Qe4 Nb4 20. b3 Rc8 21. Qxh4
Bxh4 22. bxc4 Rxc4 23. Rfc1 Rfc8 24. Rxc4 Rxc4 25. Kg2 Bd8 26. Bd2 Nd3 27. Be3
Rc2 28. Nc1 Ne1+ 29. Kg3 Rb2 30. f4 g6 31. h4 h5 32. f5 gxf5 33. Kh3 Kh7 34.
Kg3 Be7 35. Kh3 a5 36. Kg3 a4 37. a3 Nc2 38. Nd3 Rb3 39. Rd1 Rxa3 40. Rd2 Rc3
41. Rd1 a3 42. Ne1 Nxe3 43. fxe3 b4 44. Kf4 b3 45. Nd3 Rxd3 46. Rxd3 a2 47.
Rxb3 a1=Q 48. e4 Qxd4 49. Kg3 f4+ 50. Kf3 Qd1+ 51. Kxf4 Bc5 52. Kg3 Qg1+ 53.
Kh3 Bf2 54. Rf3 Qh1# {Hossa checkmated} 0-1

[Event "ICS rated blitz match"]
[Site "204.178.125.65"]
[Date "2001.01.21"]
[Round "?"]
[White "PostModernist"]
[Black "Hossa"]
[Result "1-0"]
[WhiteElo "2610"]
[BlackElo "2538"]
[Annotator "Nimzo 8 (25s)"]
[PlyCount "153"]
[EventDate "2001.??.??"]

{E21: Nimzoindisch (4.Sf3)} 1. d4 Nf6 2. c4 e6 3. Nf3 b6 4. Nc3 Bb4 5. Qc2 Bb7
6. Bg5 Be4 7. Bxf6 Bxc2 8. Bxd8 Kxd8 9. Ne5 Ke8 10. Kd2 Bxc3+ 11. Kxc3 Be4 12.
f3 Bb7 13. e4 f6 14. Nd3 Nc6 15. d5 Ne7 16. Rd1 exd5 17. exd5 Kf7 18. Re1 Rad8
19. b4 Rhe8 20. Be2 Nf5 21. f4 Ne3 22. Bf3 b5 23. cxb5 Ba8 24. Ne5+ fxe5 25.
Rxe3 exf4 26. Re4 Rxe4 27. Bxe4 Ke7 28. g3 g5 29. Rf1 Rf8 30. Kd4 Kd6 31. a4 h6
32. a5 Bb7 33. Rf2 h5 34. Rf1 Ba8 35. a6 Rf7 36. Rf2 Rf6 37. gxf4 gxf4 38. h4
Rf8 39. Bf3 Rg8 40. Rg2 Rb8 41. Rg6+ Ke7 42. Kc4 Rh8 43. Rg7+ Kd6 44. Rf7 Rg8
45. Rh7 Rf8 46. Rxh5 Re8 47. Rh6+ Ke5 48. Rg6 Rh8 49. h5 Rd8 50. Rg7 Kf6 51. h6
Rc8 52. Rxd7 Kg6 53. h7 Kh6 54. Kd4 Rh8 55. Rxc7 Rxh7 56. Rxh7+ Kxh7 57. Kc5
Kg6 58. b6 axb6+ 59. Kxb6 Kg5 60. Ka7 Kh4 61. Kxa8 Kg3 62. d6 Kxf3 63. a7 Ke2
64. d7 f3 65. d8=Q f2 66. Qf6 f1=Q 67. Qxf1+ Kxf1 68. Kb8 Ke2 69. a8=Q Kf2 70.
Qd5 Kg1 71. Qf3 Kh2 72. b5 Kg1 73. b6 Kh2 74. b7 Kg1 75. Kc8 Kh2 76. b8=Q+ Kg1
77. Qbg3# 1-0